00532nam a2200145 a 45000010005000000030005000050050017000100080041000270400020000682450149000882600029002373000019002664900053002856500048003385670CDMR20130523192550.0130130s1958||||||||||||||||||||||||||||d aCDMRbcatcCDMR 0a¿ Está en peligro la cultura ?b: coloquio sobre los medios de informacióncGeorges Duhamel i Wladimir Porché i Giacomo Devoto...[et al.] aMadridc1958bGuadarrama a418 p ;c19 cm0 aColección Guadarrama de crítica y ensayov1204aMitjans de comunicació de massa i cultura